Guess the Fusion Rock Song Lyrics #303 - Statistics

General Stats
  • This quiz has been taken 11 times
  • The average score is 222 of 256
Answer Stats
Answer % Correct
can
100%
Do
100%
don't
100%
know
100%
love
100%
Love
100%
me
100%
more
100%
More
100%
my
100%
say
100%
than
100%
Why
100%
you
100%
as
91%
be
91%
day
91%
every
91%
I
91%
much
91%
oh
91%
Oh
91%
single
91%
so
91%
So
91%
to
91%
got
82%
I'll
82%
just
82%
please
82%
tell
82%
with
82%
Am
73%
life
73%
make
73%
must
73%
need
73%
Leo Sayer
64%
tomorrow
64%
twice
64%
another
55%
guy
55%
words
55%
cry
45%
filled
45%
mean
45%
sorrow
45%
miss
36%
Whoa
36%
whoa
36%
yay
36%
No matching quizzes found
Score Distribution
Percent of People with Each Score
Percentile by Number Answered
Your Score History
You have not taken this quiz